00248 2200109 4500001002100000035002000021245003600041100001700077260001700094300000700111990002000118INLIS000000000002506 a0010-0824001267 aAjisaka Menantang Dewata Cengar aArni Windana bBeningc2010 a69 a5038/BBTIV/2023